logo

Bir Sreshtho Munshi Abdur Rouf Library
Jhenaidah Cadet College

The Western heritage from 1500 to the present. / (Record no. 6574)

MARC details
000 -LEADER
fixed length control field 00705cam a22002291 4500
001 - CONTROL NUMBER
JCCL Control Number 6574
003 - CONTROL NUMBER IDENTIFIER
JCCL marc code BD-JhCC
005 - DATE AND TIME OF LATEST TRANSACTION
control field 20180127101156.0
008 - FIXED-LENGTH DATA ELEMENTS--GENERAL INFORMATION
fixed length control field 720823s1966 nyu b 000 0 eng
035 ## - SYSTEM CONTROL NUMBER
system control number (BD-JhCC)6574
040 ## - CATALOGING SOURCE
Original cataloging agency DLC
Transcribing agency ODaWU
Modifying agency OCoLC
-- DLC
-- BD-JhCC
041 ## - LANGUAGE CODE
Language code of Book eng
050 00 - LIBRARY OF CONGRESS CALL NUMBER
Classification number CB245
Item number .E39 1966a
082 ## - DEWEY DECIMAL CLASSIFICATION NUMBER
Classification number 909.0928
Author mark and Year EAS 1966
100 1# - MAIN ENTRY--PERSONAL NAME
Personal name Easton, Stewart C.
Fuller form of name (Stewart Copinger),
Dates associated with a name 1907-1989.
245 14 - TITLE STATEMENT
Title The Western heritage from 1500 to the present. /
Statement of responsibility, etc Stewart C. Easton
260 ## - PUBLICATION, DISTRIBUTION, ETC. (IMPRINT)
Place of publication, distribution, etc New York,
Name of publisher, distributor, etc Holt, Rinehart and Winston
Date of publication, distribution, etc [1966]
300 ## - PHYSICAL DESCRIPTION
Pagination 627 p.
Other physical details ill. ;
Dimensions 26 cm.
504 ## - BIBLIOGRAPHY, ETC. NOTE
Bibliography, etc Includes bibliographies.
650 #0 - SUBJECT ADDED ENTRY--TOPICAL TERM
Topical term or geographic name as entry element Civilization, Western
General subdivision History.
942 ## - ADDED ENTRY ELEMENTS (KOHA)
Source of classification or shelving scheme Dewey Decimal Classification
Koha item type Books
Holdings
Source of classification or shelving scheme Damaged status Not for loan Home library Current library Shelving location Date of accession Total Checkouts Full call number Barcode Date last seen Copy number Koha item type
Dewey Decimal Classification     JCC Rouf Library JCC Rouf Library General Stacks 01/25/2018   909.0928 EAS 1966 8141 01/25/2018 C-1 Books

JCC Library | Contacts | JCC Home

Last Update on 23 September 2017
Copyright @ 2017-2020 JCC Rouf Library
Rouf Library, Jhenidah Cadet College (JCC), Bangladesh